00965cam a2200337 a 4500001000700000003000400007005001700011008004100028010001700069020001500086040001800101042000900119050004000128082002000168100003600188245005900224260003600283300002800319520008900347521000700436526000800443562000600451650005200457650001300509830001800522830001800540830001800558830001700576830001700593830001700610884452OSt20140425133546.0820222s1981 nyua j 000 1 eng  a 80084445  a0590462237 aDLCcDLCdDLC alcac00aPZ 7b.P485 1968 ,1978 , 1979 ,198300aKF bP44lr 19681 aPeterson, John Lawrence,d1924-04aThe Littles :bstory and pictures /cby John Peterson. aNew York :bScholastic,cc1968. a94 p. :bill. ;c19 cm. aA family of tiny people experiences a crisis when a baby is born during a snowstorm. aG3 c460 e2 0aLittle family (Fictitious characters)vFiction. 1aFantasy. aTo the Rescue aTo the Rescue athe big storm aGo Exploring aGo to school aTake a trip